| 000 | 01049cam a2200217 4500 | ||
|---|---|---|---|
| 001 | WB3902-15 | ||
| 008 | 030115n2003 000 0 eng u | ||
| 035 | _a(Sirsi) u121023 | ||
| 245 | _aProposals would have positive effect | ||
| 260 | _c2003 | ||
| 490 |
_aEuropean Commission Press Release _v(IP/03/46) 15 January 2003, (2) |
||
| 520 |
_aAccording to a series of report both internal and external, the European Commission's proposals to review the Common Agricultural Policy (CAP), including modulation, would actually have a positive effect on farm incomes. The studies are available from the Director General Agriculture website, http://europa.eu.int/comm/agriculture/publi/reports/mtrimpact/lindex_en.htm. E C Press Release http://www.europa.eu.int/rapid/start/cgi/guesten.ksh?p_action.gettxt=gt&doc=IP/03/46 $0 _RAPID&lg=EN; |
||
| 590 | _aWB | ||
| 650 | _aFARM INCOMES | ||
| 650 | _aEUROPEAN COMMISSION | ||
| 650 | _aCOMMON AGRICULTURAL POLICY | ||
| 650 | _aCAP REFORM | ||
| 650 | _aEUROPE | ||
| 690 |
_aRural _96268 |
||
| 942 | _n0 | ||
| 999 |
_c71920 _d71920 |
||